Guess the Taylor Swift song with no hints - #9 - Statistics

General Stats
  • This quiz has been taken 71 times
  • The average score is 364 of 449
Answer Stats
Lyrics % Correct
a
100%
I
100%
(I
100%
you
100%
You
100%
me
96%
the
96%
we
96%
be
95%
love
95%
where
95%
in
93%
it
93%
to
93%
To
93%
your
93%
all
91%
know
91%
my
91%
that
91%
what
91%
and
89%
And
89%
were
89%
We're
89%
hear
88%
It's
86%
"It's
86%
it's
86%
You're
86%
did,
84%
go
84%
like
84%
are
82%
for
82%
how
82%
of
82%
back
80%
could
80%
knew
80%
never
80%
now
80%
now,
80%
say,
80%
too
80%
as
79%
But
79%
I'd
79%
This
79%
up
79%
would
79%
would,
79%
would)
79%
car
77%
wish
77%
Wish
77%
wish,
77%
don't
75%
said
75%
want
73%
come
71%
here,
71%
here
71%
right
71%
'Cause
70%
good
70%
See
70%
think
70%
down,
68%
down
68%
mad
66%
mad,
66%
long
64%
always
63%
hung
63%
phone
63%
wanna
63%
fighting
61%
forget
61%
live
61%
drive
59%
push
59%
remember
59%
run
59%
us
59%
line
57%
made
57%
miss
57%
room
57%
stand
57%
voice
57%
2 AM
55%
2 AM,
55%
around
55%
Makes
55%
makes
55%
much
55%
past,"
55%
still
55%
straight
55%
buttons
54%
everything
54%
turn
54%
window
54%
anymore
52%
crooked
52%
hate
52%
memories
52%
ahead
50%
face,
50%
hide
50%
nothin'
48%
start
48%
street,
48%
thinkin'
46%
Windows
46%
give
45%
stood
45%
pass
43%
dark
41%
runnin'
41%
Headlights
32%
pane,
27%
No matching quizzes found
Score Distribution
Percent of People with Each Score
Percentile by Number Answered
Your Score History
You have not taken this quiz